| 000 | 01105cam a2200301 a 4500 | ||
|---|---|---|---|
| 001 | 3526272 | ||
| 003 | cuc123 | ||
| 005 | 20260225112833.0 | ||
| 008 | 960916s1996 enka b 001 0 eng | ||
| 010 | _a 96038876 | ||
| 020 | _a0412597209 | ||
| 040 |
_aDLC _cDLC _dDLC |
||
| 050 | 0 | 0 |
_aHG4027.5 _b.C584 1996 |
| 082 | 0 | 0 |
_a658.15/5 _220 |
| 100 | 1 |
_aClark, Ephraim _c(Professor) |
|
| 245 | 1 | 0 |
_aManaging risk in international business : _btechniques and applications / _cEphraim Clark and Bernard Marois. |
| 250 | _a1st ed. | ||
| 260 |
_aLondon ; _aBoston : _bInternational Thomson Business Press, _c1996. |
||
| 300 |
_axi, 376 p. : _bill. ; _c24 cm. |
||
| 504 | _aIncludes bibliographical references (p. [345]-356) and index. | ||
| 650 | 0 |
_aInternational business enterprises _xFinance. |
|
| 650 | 0 | _aInvestments, Foreign. | |
| 650 | 0 | _aCountry risk. | |
| 700 | 1 | _aMarois, Bernard. | |
| 906 |
_a7 _bcbc _corignew _d1 _eocip _f19 _gy-gencatlg |
||
| 942 |
_2lcc _cBK _n0 |
||
| 999 |
_c8833 _d8833 |
||